1277 1413 1875 1329 1219 1454 1101 1189 1514 1149 1196 1625 1084 1236 1327 1395 1976 1760 1121 1475 1559 1962 1767 1934 1469 1312 1233 1081 1971 1879 1781 1903 1081 1607 1751 1542 1011 1971 1654 1057 1987 1789 1308 1537 1187 1577 1688 1726 1142 1972 1414 1203 1017 1203 1078 1796 1631 1283 1455 1217 1235 1611 1273 1693 1669 1308 1178 1508 1686 1868 1973 1829 1248 1542 1933 1346 1553 1091 1294 1242 1448 1045 1063 1824 1265 1513 1355 1841 1453 1307 1142 1553 1611 1522 1427 1868 1316 1503 1468 BCNSPRNW ULIB Ver.6.0+V

เปลี่ยนเป็นภาษาไทย

Change to English
 แสดงรายละเอียดบรรณานุกรม
  กลับหน้าหลัก

Brief Record : Get Marc (ISO 2709) : E-mail record : QR code < ปิดหน้าต่าง
LEADER : 00000nam 2200000uu 4500
001    13399114615
003     ULIB
008    120424s2551||||th 000 0 tha d
020    ^a9743234128
060 04 ^aWA540^bส138ป 2551
100 0  ^aสงวน นิตยารัมภ์พงศ์
245 10 ^aบนเส้นทางสู่หลักประกันสุขภาพถ้วนหน้า /^cสงวน นิตยารัมภ์พงศ์
250    ^aพิมพ์ครั้งที่ 3
260    ^aกรุงเทพฯ :^bสพิจิตร,^c2551
300    ^a142 หน้า ;^c22 ซม.
440  0 ^aชุดวิชาการ
650  7 ^aนโยบายสาธารณสุข^zไทย
650  7 ^aประกันสุขภาพ^zไทย
945    ^p0^l0^i15060
995    ^aกัณชพร
999    ^aใช้งานได้ทุกระบบ
รายการนี้ยังไม่มีแท็ก
คุณยังไม่ได้ล็อกอิน คุณสามารถมีกิจกรรมร่วมกับเว็บไซต์ได้ แต่ต้องล็อกอินก่อน ::
  ล็อกอิน

รายการสื่อสารสนเทศ

ลำดับที่ ประเภท เลขเรียก/บาร์โค้ด สถานที่ สถานะ
1. วิทยาศาสตร์การแพทย์ และสุขภาพ
วิทยาศาสตร์การแพทย์ และสุขภาพ
WA540 ส138ป 2551  
  Barcode: 15060
ห้องสมุดวิทยาเขตสวรรค์ประชารักษ์
►ส่วนจัดเก็บหนังสือเก่า สปร
บนชั้น
  ขอยืม

รายการใกล้เคียง
    ผู้แต่ง [สงวน นิตยารัมภ์พงศ์]

BibComment


ยังไม่เคยถูกคอมเมนท์

คอมเมนท์ทรัพยากรรายการนี้
  คอมเมนท์: บนเส้นทางสู่หลัก..


 Copyright 2026. Bcnsprnw @Library